000 01356nam a2200409 i 4500
001 15511
003 KOSZ 005
005 20210701104204.0
008 200418s1973 pl a f f 001 0 pol
015 _aPB 1973/4029
035 _a(OCoLC)69286022
040 _aWA N
_cWA N
_dKOSZ 005/EC
_dKOSZ 005/RW
046 _k1973
080 _a547
080 _a543.061
080 _a(07)
100 1 _aWoliński, Jerzy
_c(chemik)
_eAutor
245 1 0 _aOrganiczna analiza jakościowa /
_cJerzy Woliński, Jacek Trepiński.
260 _aWarszawa :
_bPaństwowe Wydawnictwo Naukowe,
_c1973.
300 _a352 strony :
_bilustracje, errata ;
_c25 cm.
336 _aTekst
_btxt
_2rdacontent
337 _aBez urządzenia pośredniczącego
_bn
_2rdamedia
338 _aWolumin
_bnc
_2rdacarrier
380 _aKsiążki
380 _aPublikacje dydaktyczne
388 _a1901-2000
388 _a1945-1989
504 _aBibliografia przy rozdziałach. Indeks.
650 7 _aChemia organiczna
655 7 _aPodręcznik
658 _aChemia
650 7 _aChemiczna analiza jakościowa
700 1 _aTrepiński, Jacek
_eAutor
710 2 _aPaństwowe Wydawnictwo Naukowe
_4pbl
856 _uhttp://koha.tu.koszalin.pl/cgi-bin/koha/opac-detail.pl?biblionumber=15511
_yKatalog online BPK
942 _2UKD
_cKS
999 _c15511
_d15511